logo

Bir Sreshtho Munshi Abdur Rouf Library
Jhenaidah Cadet College

গেস্ট হাউজের খুনি / (Record no. 14482)

MARC details
000 -LEADER
fixed length control field 00936nam a22002657a 4500
001 - CONTROL NUMBER
JCCL Control Number 14482
003 - CONTROL NUMBER IDENTIFIER
JCCL marc code BD-JhCC
005 - DATE AND TIME OF LATEST TRANSACTION
control field 20251209124404.0
008 - FIXED-LENGTH DATA ELEMENTS--GENERAL INFORMATION
fixed length control field 251209b |||||||| |||| 00| 0 eng d
020 ## - INTERNATIONAL STANDARD BOOK NUMBER
International Standard Book Number 9789848800249
035 ## - SYSTEM CONTROL NUMBER
system control number (BD-JhCC) 14482
040 ## - CATALOGING SOURCE
Original cataloging agency BD-JhCC
Modifying agency BD-JhCC
041 ## - LANGUAGE CODE
Language code of Book বাংলা
082 ## - DEWEY DECIMAL CLASSIFICATION NUMBER
DDC Edition number 23
Classification number 891.443
Author mark and Year MEH 2022
100 ## - MAIN ENTRY--PERSONAL NAME
Personal name মেহেদী হাসান, খোন্দকার
245 ## - TITLE STATEMENT
Title গেস্ট হাউজের খুনি /
Statement of responsibility, etc খোন্দকার মেহেদী হাসান
246 ## - VARYING FORM OF TITLE
Title proper/short title Guest Houser Khuni
260 ## - PUBLICATION, DISTRIBUTION, ETC. (IMPRINT)
Place of publication, distribution, etc ঢাকা:
Name of publisher, distributor, etc অবসর,
Date of publication, distribution, etc 2022
300 ## - PHYSICAL DESCRIPTION
Pagination 124 পৃ.;
Dimensions 22 সেমি.
Accompanying material পেপার বাইন্ডিং
490 ## - SERIES STATEMENT
Series statement গোয়েন্দা গুলজার হোসেন
650 ## - SUBJECT ADDED ENTRY--TOPICAL TERM
Topical term or geographic name as entry element বাংলা সাহিত্য
650 ## - SUBJECT ADDED ENTRY--TOPICAL TERM
Topical term or geographic name as entry element ছোট গল্প
942 ## - ADDED ENTRY ELEMENTS (KOHA)
Source of classification or shelving scheme Dewey Decimal Classification
Koha item type Books
Holdings
Source of classification or shelving scheme Damaged status Not for loan Collection code Home library Current library Shelving location Date of accession Cost, normal purchase price Full call number Barcode Date last seen Copy number Method of acquisition Koha item type Currency Total Checkouts Checked out Date checked out
Dewey Decimal Classification     Fiction JCC Rouf Library JCC Rouf Library General Stacks 12/12/2025 288.00 891.443 MEH 2022 20387 12/09/2025 C-1 Purchase Books BDT      
Dewey Decimal Classification     Fiction JCC Rouf Library JCC Rouf Library General Stacks 12/12/2025 288.00 891.443 MEH 2022 20388 01/27/2026 C-2 Purchase Books BDT 1 02/22/2026 01/27/2026

JCC Library | Contacts | JCC Home

Last Update on 23 September 2017
Copyright @ 2017-2020 JCC Rouf Library
Rouf Library, Jhenidah Cadet College (JCC), Bangladesh